000
00315nam a22001457a 4500
020
_a
81-8153-316-X
082
_a
823
_b
MEE/B
100
_a
MEENA
245
_a
BOG BOOK OF FAIRY TALES
250
_a
1
260
_a
DELHI
_b
RAIN BOW BOOKS
_c
2005
300
_a
96
650
_a
ENGLISH SHORT STORY
_z
DELHI
942
_c
BK
999
_c
3102
_d
3102